Compulsory purchase manual (Record no. 102315)
[ view plain ]
| 000 -LEADER | |
|---|---|
| fixed length control field | 00729cam a2200157 4500 |
| 001 - CONTROL NUMBER | |
| control field | CD119434 |
| 008 - FIXED-LENGTH DATA ELEMENTS--GENERAL INFORMATION | |
| fixed length control field | 020827n2002 000 0 eng u |
| 035 ## - SYSTEM CONTROL NUMBER | |
| System control number | (Sirsi) u119434 |
| 245 ## - TITLE STATEMENT | |
| Title | Compulsory purchase manual |
| 260 ## - PUBLICATION, DISTRIBUTION, ETC. | |
| Place of publication, distribution, etc. | Stationery Office |
| Date of publication, distribution, etc. | 2002 |
| 300 ## - PHYSICAL DESCRIPTION | |
| Extent | CD-Rom |
| 520 ## - SUMMARY, ETC. | |
| Summary, etc. | CD-Rom which aims to provide advice on the steps that need to be taken in exercising powers for the compulsory acquisition of land and sets out good practice guidance on this process. It intends to help acquiring authorities and others navigate their way through the statutory procedures. |
| 650 ## - SUBJECT ADDED ENTRY--TOPICAL TERM | |
| Topical term or geographic name entry element | CD-ROM |
| 690 ## - LOCAL SUBJECT ADDED ENTRY--TOPICAL TERM (OCLC, RLIN) | |
| Topical term or geographic name as entry element | ENVIRONMENTAL AND LAND CONSULTANCY-PLANNING AND DEVELOPMENT-COMPULSORY PURCHASE AND COMPENSATION |
| 942 ## - ADDED ENTRY ELEMENTS (KOHA) | |
| Suppress in OPAC | 0 |
| Withdrawn status | Lost status | Source of classification or shelving scheme | Damaged status | Not for loan | Home library | Current library | Shelving location | Date acquired | Total Checkouts | Full call number | Barcode | Date last seen | Copy number | Price effective from | Koha item type |
|---|---|---|---|---|---|---|---|---|---|---|---|---|---|---|---|
| Dewey Decimal Classification | London | London | Enquiry desk | 27/08/2002 | CD-ROM BOX | 119434-1001 | 06/08/2019 | 1 | 06/08/2019 | Reference material |